000 00305nam a2200121Ia 4500
008 190216s9999||||xx |||||||||||||| ||und||
100 _aThorpe.J.A
245 0 _aElementary Topics In Differential Geometry(Photostat)
260 _bSpringer Verlag
300 _a253p
650 _aMathematics
942 _cBK
999 _c31536
_d31536